[Event "Thailand Team op"]
[Site "Bangkok"]
[Date "2022.12.03"]
[Round "2.1"]
[White "Bitoon, Jimson"]
[Black "Wongsawan, Thoetsak"]
[Result "0-1"]
[WhiteElo "2170"]
[BlackElo "1815"]
[PlyCount "56"]
[EventDate "2022.12.03"]
[EventType "team-swiss"]
[EventRounds "9"]
[EventCountry "THA"]
[SourceTitle "CBM 211 Extra"]
[Source "ChessBase"]
[SourceDate "2023.01.31"]
[SourceVersion "1"]
[SourceVersionDate "2023.01.31"]
[SourceQuality "1"]
[WhiteTeam "JCA"]
[BlackTeam "Pattaya Shark"]
[WhiteTeamCountry "THA"]
[BlackTeamCountry "THA"]

1. e4 e5 2. Nf3 Nc6 3. Bc4 Nf6 4. Ng5 d5 5. exd5 Na5 6. Bb5+ c6 7. dxc6 bxc6 8. Qf3 cxb5 9. Qxa8 Qc7 10. 0-0 Nc6 11. Nc3 a6 12. d4 Nxd4 13. Be3 Be7 14. Nge4 Nxe4 15. Qxe4 Bb7 16. Nd5 Qd7 17. Bxd4 Bxd5 18. Qxe5 f6 19. Qb8+ Kf7 20. Qa7 Qd6 21. Rfe1 Rc8 22. c3 Rc7 23. Qb8 Qd7 24. Rad1 Qg4 25. f3 Bxf3 26. Rd2 Rd7 27. Rf2 Be4 28. Rf4 Qxg2# 0-1

[Event "Bangkok Thailand op"]
[Site "Bangkok"]
[Date "2021.12.20"]
[Round "7"]
[White "Bitoon, Jimson"]
[Black "Wongsawan, Thoetsak"]
[Result "1-0"]
[WhiteElo "2139"]
[BlackElo "1804"]
[PlyCount "149"]
[EventDate "2021.12.15"]
[EventType "swiss"]
[EventRounds "9"]
[EventCountry "THA"]
[SourceTitle "CBM 206 Extra"]
[Source "ChessBase"]
[SourceDate "2022.03.31"]
[SourceVersion "1"]
[SourceVersionDate "2022.03.31"]
[SourceQuality "1"]

1. e4 c5 2. Nf3 d6 3. c3 Nf6 4. Be2 Nbd7 5. Qc2 Qc7 6. 0-0 b6 7. d3 Bb7 8. c4 e6 9. Nc3 a6 10. h3 Be7 11. Bf4 0-0 12. Rfe1 h6 13. Bf1 Ne5 14. Qd1 Nfd7 15. Rc1 Rac8 16. Nh2 Nc6 17. Ng4 Nde5 18. Nxh6+ gxh6 19. Bxh6 Rfe8 20. f4 Ng6 21. f5 Nce5 22. fxg6 fxg6 23. Bf4 Bf6 24. Be2 Qg7 25. Rf1 Bc6 26. Qd2 g5 27. Be3 b5 28. cxb5 axb5 29. Bh5 Rf8 30. Ne2 Be7 31. Ng3 Rxf1+ 32. Rxf1 Rf8 33. Rxf8+ Kxf8 34. h4 Nf7 35. Bxf7 Kxf7 36. hxg5 Qe5 37. Ne2 d5 38. Bf4 Qg7 39. exd5 Bxd5 40. a3 Qg6 41. Ng3 Bd8 42. Qe3 Be7 43. Ne4 Qf5 44. Qf3 Kg6 45. g4 Qf7 46. Qg3 c4 47. Qh2 Qh7 48. Qxh7+ Kxh7 49. Nf6+ Bxf6 50. gxf6 cxd3 51. Kf2 Kg6 52. Be5 Bg2 53. Ke3 Bh3 54. Kxd3 Bxg4 55. Kd4 Kf7 56. Kc5 Be2 57. Kb4 Ke8 58. Ka5 Kd7 59. b4 Bd3 60. a4 bxa4 61. Kxa4 Bg6 62. Kb5 Be8 63. Kb6 Bg6 64. Kc5 Be8 65. b5 Bg6 66. Kd4 Kc8 67. Bd6 Kb7 68. Kc5 Bf7 69. Be5 Bg6 70. b6 Be8 71. Bc7 Bf7 72. Kd6 Kc8 73. Ke7 Bg8 74. Kf8 Bh7 75. Kg7 1-0

[Event "Bangkok Thailand op"]
[Site "Bangkok"]
[Date "2021.12.16"]
[Round "3"]
[White "Bitoon, Jimson"]
[Black "Teerapabpaisit, Wisuwat"]
[Result "1-0"]
[WhiteElo "2139"]
[BlackElo "2118"]
[PlyCount "65"]
[EventDate "2021.12.15"]
[EventType "swiss"]
[EventRounds "9"]
[EventCountry "THA"]
[SourceTitle "CBM 206 Extra"]
[Source "ChessBase"]
[SourceDate "2022.03.31"]
[SourceVersion "1"]
[SourceVersionDate "2022.03.31"]
[SourceQuality "1"]

1. e4 c5 2. c3 d5 3. exd5 Qxd5 4. d4 Nf6 5. Nf3 e6 6. Bd3 Be7 7. 0-0 0-0 8. dxc5 Rd8 9. Bc2 Qh5 10. Qe2 Bxc5 11. Bg5 Nc6 12. Nbd2 Be7 13. Rad1 h6 14. Bxf6 Bxf6 15. Ne4 Be7 16. Rxd8+ Nxd8 17. Rd1 Nc6 18. Qd3 g6 19. Ng3 Qa5 20. a3 Qc7 21. h4 f5 22. h5 g5 23. Qc4 Qf4 24. Qe2 Kf7 25. b4 g4 26. Ne1 Bf6 27. Nd3 Qc4 28. Re1 e5 29. Qd1 Qxc3 30. Bb3+ Kg7 31. Ne2 Qxe1+ 32. Nxe1 f4 33. Qd5 1-0

[Event "THA-chT Rapid"]
[Site "Bangkok"]
[Date "2021.12.14"]
[Round "8.3"]
[White "Hansing, Saphong"]
[Black "Bitoon, Jimson"]
[Result "0-1"]
[WhiteElo "1909"]
[BlackElo "2163"]
[PlyCount "68"]
[EventDate "2021.12.13"]
[EventType "team-swiss (rapid)"]
[EventRounds "9"]
[EventCountry "THA"]
[SourceTitle "CBM 205 Extra"]
[Source "ChessBase"]
[SourceDate "2022.01.31"]
[SourceVersion "1"]
[SourceVersionDate "2022.01.31"]
[SourceQuality "1"]
[WhiteTeam "Pattaya 101"]
[BlackTeam "Double Bishop"]
[WhiteTeamCountry "THA"]
[BlackTeamCountry "THA"]

1. e4 c5 2. Nf3 e6 3. d4 cxd4 4. Nxd4 Nf6 5. Nc3 Bb4 6. Bd3 d6 7. 0-0 0-0 8. Kh1 Bxc3 9. bxc3 e5 10. Ne2 Nbd7 11. f4 b6 12. fxe5 dxe5 13. Ng3 Qc7 14. Bg5 h6 15. Bxf6 Nxf6 16. Rxf6 gxf6 17. Qf3 Qxc3 18. Rf1 Qd2 19. Nh5 Qg5 20. Nxf6+ Kh8 21. g4 Be6 22. Qg3 Rac8 23. h4 Qg7 24. g5 Rc5 25. Nh5 Qg6 26. Rf6 Qxh5 27. Rxh6+ Qxh6 28. gxh6 Rg8 29. Qf3 Rg6 30. Kh2 Kh7 31. h5 Rxh6 32. Kg3 Rc8 33. Kh4 Rg8 34. Be2 Rg4+ 0-1

[Event "THA-chT op"]
[Site "Bangkok"]
[Date "2020.12.14"]
[Round "9.1"]
[White "Pheephacharakan, Pinatpong"]
[Black "Bitoon, Jimson"]
[Result "0-1"]
[WhiteElo "1715"]
[BlackElo "2106"]
[PlyCount "78"]
[EventDate "2020.12.10"]
[EventType "team-swiss"]
[EventRounds "9"]
[EventCountry "THA"]
[SourceTitle "CBM 199 Extra"]
[Source "ChessBase"]
[SourceDate "2021.01.31"]
[SourceVersion "1"]
[SourceVersionDate "2021.01.31"]
[SourceQuality "1"]
[WhiteTeam "JCA Aquarius"]
[BlackTeam "JCA Anglo"]
[WhiteTeamCountry "THA"]
[BlackTeamCountry "THA"]

1. c4 e5 2. Nc3 Bb4 3. Nd5 Be7 4. e3 c6 5. Nc3 f5 6. d4 e4 7. Nge2 Nf6 8. Bd2 0-0 9. h4 a5 10. Nf4 Bd6 11. Nh3 Bc7 12. c5 b5 13. a3 d5 14. cxd6 Qxd6 15. Nf4 Qe7 16. d5 Bxf4 17. exf4 cxd5 18. Be3 Be6 19. Bxb5 Nbd7 20. Bc6 Rab8 21. Rb1 Nc5 22. 0-0 Nd3 23. Bb5 Ng4 24. g3 Nxe3 25. fxe3 Qc5 26. Bxd3 Qxe3+ 27. Kg2 Qxd3 28. Qxd3 exd3 29. b4 d4 30. Na4 Bd5+ 31. Kf2 axb4 32. axb4 Ra8 33. Ra1 Rfe8 34. Rfb1 Re2+ 35. Kf1 Bg2+ 36. Kg1 d2 37. Rd1 Rxa4 38. Rxa4 Re1+ 39. Kxg2 Rxd1 0-1

[Event "THA-chT op"]
[Site "Bangkok"]
[Date "2020.12.10"]
[Round "1.1"]
[White "Bitoon, Jimson"]
[Black "Wongsawan, Thoetsak"]
[Result "1-0"]
[WhiteElo "2106"]
[BlackElo "1828"]
[PlyCount "81"]
[EventDate "2020.12.10"]
[EventType "team-swiss"]
[EventRounds "9"]
[EventCountry "THA"]
[SourceTitle "CBM 199 Extra"]
[Source "ChessBase"]
[SourceDate "2021.01.31"]
[SourceVersion "1"]
[SourceVersionDate "2021.01.31"]
[SourceQuality "1"]
[WhiteTeam "JCA Anglo"]
[BlackTeam "Chess Avengers 101"]
[WhiteTeamCountry "THA"]
[BlackTeamCountry "THA"]

1. e4 c5 2. Nf3 g6 3. c3 Nf6 4. e5 Nd5 5. Bc4 Nb6 6. Bb3 Bg7 7. d4 cxd4 8. cxd4 Nc6 9. Nc3 0-0 10. 0-0 d6 11. exd6 Qxd6 12. Nb5 Qb8 13. d5 a6 14. dxc6 axb5 15. Qe2 bxc6 16. Qxe7 Nd5 17. Qh4 Qd6 18. Bh6 Bxh6 19. Qxh6 Qf4 20. Ng5 Nf6 21. Rae1 Bd7 22. Re7 Be8 23. Rfe1 Qxf2+ 24. Kh1 Rd8 25. R7e2 Qf5 26. h3 c5 27. Ne6 fxe6 28. Bxe6+ Qxe6 29. Rxe6 Nh5 30. Re7 Bf7 31. Kh2 c4 32. R1e5 b4 33. Rc5 Ng7 34. g4 Rd4 35. Rcc7 Ne8 36. Rc8 Rd6 37. Re2 Rf6 38. Qe3 Nd6 39. Rxf8+ Kxf8 40. Qe7+ Kg7 41. g5 1-0

[Event "Bangkok op 17th"]
[Site "Bangkok"]
[Date "2017.04.11"]
[Round "4"]
[White "Li, Yankai"]
[Black "Bitoon, Jimson"]
[Result "1-0"]
[WhiteElo "2392"]
[BlackElo "2232"]
[PlyCount "147"]
[EventDate "2017.04.08"]
[EventType "swiss"]
[EventRounds "9"]
[EventCountry "THA"]
[SourceTitle "CBM 177 Extra"]
[Source "ChessBase"]
[SourceDate "2017.04.27"]
[SourceVersion "1"]
[SourceVersionDate "2017.04.27"]
[SourceQuality "1"]

1. d4 d5 2. c4 c6 3. Nf3 Nf6 4. Nc3 a6 5. e3 g6 6. Bd3 Bg7 7. 0-0 0-0 8. h3 Nbd7 9. cxd5 cxd5 10. Qb3 Nb8 11. Ne5 e6 12. Bd2 Ra7 13. Na4 Nfd7 14. Nxd7 Bxd7 15. Bb4 Bxa4 16. Qxa4 Re8 17. Bb5 axb5 18. Qxa7 Nc6 19. Qa3 e5 20. Rfe1 Qh4 21. Bd6 h5 22. Rad1 b4 23. Qb3 exd4 24. exd4 Rxe1+ 25. Rxe1 Bxd4 26. Qf3 Qd8 27. Qxd5 Bxb2 28. Rd1 Qf6 29. Rd3 Kg7 30. Rf3 Qe6 31. Qxe6 fxe6 32. Bxb4 Nxb4 33. Rb3 Nxa2 34. Rxb2 Nc3 35. Rxb7+ Kf6 36. h4 Ne2+ 37. Kf1 Nd4 38. Rb6 Nf5 39. g3 Nd4 40. Kg2 Nf5 41. Rb8 Nh6 42. Kf3 Ng4 43. Rf8+ Ke7 44. Rf4 Nf6 45. Rc4 Nd5 46. Ke4 Kf6 47. Rc8 Nb6 48. Rf8+ Ke7 49. Rb8 Nc4 50. Kf4 Kf6 51. Rf8+ Ke7 52. Rc8 Nd6 53. Rc6 Nf7 54. f3 Kf6 55. Ra6 Ne5 56. Ke4 Nd7 57. Rc6 Ne5 58. Rc7 Nf7 59. Rd7 Ne5 60. Rd1 Nf7 61. Kf4 Kg7 62. g4 hxg4 63. fxg4 g5+ 64. Kg3 gxh4+ 65. Kxh4 Kg6 66. g5 Ne5 67. Rf1 Kg7 68. Rf6 Ng6+ 69. Kg4 Ne5+ 70. Kh5 Nf7 71. Rf3 Ne5 72. Rb3 Kf7 73. Rb7+ Kg8 74. g6 1-0

[Event "THA-chT"]
[Site "Bangkok"]
[Date "2015.12.06"]
[Round "6.2"]
[White "Bitoon, Jimson"]
[Black "Kongsee, Uaychai"]
[Result "1/2-1/2"]
[WhiteElo "2193"]
[BlackElo "2258"]
[PlyCount "40"]
[EventDate "2015.12.04"]
[EventType "team-swiss"]
[EventRounds "9"]
[EventCountry "THA"]
[SourceTitle "CBM 170 Extra"]
[Source "ChessBase"]
[SourceDate "2016.02.25"]
[SourceVersion "1"]
[SourceVersionDate "2016.02.25"]
[SourceQuality "1"]
[WhiteTeam "Chonburi JCA"]
[BlackTeam "Khuntongkum"]
[WhiteTeamCountry "THA"]
[BlackTeamCountry "THA"]

1. e4 c5 2. Nf3 d6 3. d4 cxd4 4. Nxd4 Nf6 5. Nc3 a6 6. h3 e6 7. g4 d5 8. Bg2 Nxe4 9. Nxe4 dxe4 10. Bxe4 e5 11. Nb3 Qxd1+ 12. Kxd1 Nc6 13. Be3 Be6 14. c3 Be7 15. Nc5 0-0-0+ 16. Kc2 Bxc5 17. Bxc5 Bd5 18. f3 Bxe4+ 19. fxe4 f6 20. Bb6 Rd6 1/2-1/2

[Event "THA-chT"]
[Site "Bangkok"]
[Date "2015.12.06"]
[Round "5.2"]
[White "Menkinoski, Riste"]
[Black "Bitoon, Jimson"]
[Result "0-1"]
[WhiteElo "2316"]
[BlackElo "2193"]
[PlyCount "164"]
[EventDate "2015.12.04"]
[EventType "team-swiss"]
[EventRounds "9"]
[EventCountry "THA"]
[SourceTitle "EXT 2017"]
[Source "ChessBase"]
[SourceDate "2016.10.25"]
[SourceVersion "1"]
[SourceVersionDate "2016.10.25"]
[SourceQuality "1"]
[WhiteTeam "IWICA"]
[BlackTeam "Chonburi JCA"]
[WhiteTeamCountry "THA"]
[BlackTeamCountry "THA"]

1. e4 c5 2. Nf3 Nc6 3. d4 cxd4 4. Nxd4 g6 5. Nc3 Bg7 6. Be3 Nf6 7. Bc4 0-0 8. Bb3 a5 9. a4 d6 10. h3 Bd7 11. Ndb5 Nb4 12. 0-0 Bc6 13. Bd4 Nd7 14. Bxg7 Kxg7 15. Re1 Qb6 16. Nd4 Rac8 17. Nd5 Bxd5 18. exd5 Rfe8 19. c3 Na6 20. Qe2 Nac5 21. Bc4 Nf6 22. Bb5 Rf8 23. Qf3 Rc7 24. Re2 Ng8 25. Qg3 Kh8 26. Qf4 Rcc8 27. Qe3 Qd8 28. Rae1 Nd7 29. Nf3 Ndf6 30. Qd4 Kg7 31. Qd2 h6 32. c4 Rc5 33. Nd4 Rc8 34. Re3 Kh7 35. Nb3 Ra8 36. Qc3 Nd7 37. Nd4 Nc5 38. Rf3 Rc8 39. Rf4 Nf6 40. Qf3 Kg7 41. Rh4 Rh8 42. Qe3 Rc7 43. Rf4 Kf8 44. Qd2 Rc8 45. Rf3 Kg7 46. Re2 Rf8 47. Qe1 Ng8 48. Rfe3 Kh7 49. Qc3 Nd7 50. b3 Nc5 51. h4 h5 52. Nf3 f6 53. Nd4 Rf7 54. Rg3 Nh6 55. Qc2 Qg8 56. Qd2 Qd8 57. Qe1 Rg7 58. Rge3 Ng8 59. Qb1 Nh6 60. Qd1 Ng4 61. Qb1 Nh6 62. Nc2 Nf5 63. Rh3 Nh6 64. Ne3 Ra8 65. Rg3 Qf8 66. Rf3 Qc8 67. Rg3 Qf8 68. Qc2 Qc8 69. Rf3 Ng4 70. Nxg4 Qxg4 71. Rfe3 Qxh4 72. Rxe7 Rag8 73. Be8 f5 74. Rc7 Rxc7 75. Bb5 Re8 76. g3 Rxe2 77. Qxe2 Qe4 78. Qb2 Nd3 79. Qd2 b6 80. c5 Nxc5 81. Qg5 Qe1+ 82. Kg2 Qxf2+ 0-1

[Event "THA-chT"]
[Site "Bangkok"]
[Date "2015.12.04"]
[Round "1.2"]
[White "Akharaboollasez, Akharin"]
[Black "Bitoon, Jimson"]
[Result "0-1"]
[WhiteElo "1885"]
[BlackElo "2193"]
[PlyCount "78"]
[EventDate "2015.12.04"]
[EventType "team-swiss"]
[EventRounds "9"]
[EventCountry "THA"]
[SourceTitle "EXT 2017"]
[Source "ChessBase"]
[SourceDate "2016.10.25"]
[SourceVersion "1"]
[SourceVersionDate "2016.10.25"]
[SourceQuality "1"]
[WhiteTeam "Bangapi Thursday Club"]
[BlackTeam "Chonburi JCA"]
[WhiteTeamCountry "THA"]
[BlackTeamCountry "THA"]

1. e4 c5 2. Nf3 Nc6 3. d4 cxd4 4. Nxd4 g6 5. Be3 Bg7 6. Nc3 Nf6 7. Nxc6 bxc6 8. e5 Ng8 9. Bd4 Nh6 10. e6 f6 11. exd7+ Qxd7 12. Bc4 Nf7 13. 0-0 0-0 14. Bc5 Re8 15. f4 Qf5 16. b4 a5 17. Qf3 axb4 18. Bxb4 Ba6 19. g4 Qd7 20. Rad1 Qa7+ 21. Rf2 Bxc4 22. Qxc6 Rac8 23. Qd7 Qxd7 24. Rxd7 Be6 25. Rb7 Bxg4 26. Nd5 Nd8 27. Nxe7+ Kh8 28. Nxc8 Nxb7 29. Nd6 Nxd6 30. Bxd6 Ra8 31. Rg2 Be6 32. a3 Kg8 33. Re2 Kf7 34. Kf2 f5 35. Ke3 Bb2 36. c4 Bxa3 37. c5 Bc1+ 38. Kd4 Ra4+ 39. Kc3 Bxf4 0-1

[Event "THA-chT"]
[Site "Bangkok"]
[Date "2015.12.04"]
[Round "2.2"]
[White "Bitoon, Jimson"]
[Black "Wiwatanadate, Poompong"]
[Result "1/2-1/2"]
[WhiteElo "2193"]
[BlackElo "2017"]
[PlyCount "100"]
[EventDate "2015.12.04"]
[EventType "team-swiss"]
[EventRounds "9"]
[EventCountry "THA"]
[SourceTitle "EXT 2017"]
[Source "ChessBase"]
[SourceDate "2016.10.25"]
[SourceVersion "1"]
[SourceVersionDate "2016.10.25"]
[SourceQuality "1"]
[WhiteTeam "Chonburi JCA"]
[BlackTeam "Din Daeng"]
[WhiteTeamCountry "THA"]
[BlackTeamCountry "THA"]

1. e4 e5 2. Nf3 Nc6 3. Bb5 g6 4. Bxc6 dxc6 5. d3 Qe7 6. Nbd2 Bg7 7. b3 Bg4 8. Bb2 0-0-0 9. h3 Bd7 10. Qe2 c5 11. 0-0-0 h5 12. Kb1 Nh6 13. Nc4 f6 14. a4 Nf7 15. Nh4 Rh6 16. Bc1 g5 17. Nf3 Rhh8 18. Ne3 Nd6 19. Qe1 a6 20. Qe2 b5 21. Nd5 Qe6 22. axb5 Nxb5 23. Bb2 Bh6 24. Nd2 Nd4 25. Qe1 Bc6 26. Ne3 a5 27. Ndc4 a4 28. bxa4 Bxa4 29. Qa5 Qc6 30. g4 Kd7 31. Bxd4 cxd4 32. Qd5+ Ke8 33. Qxc6+ Bxc6 34. Nd5 Bxd5 35. exd5 Rxd5 36. Kc1 Bf8 37. Kd2 Bb4+ 38. Ke2 Bc3 39. Rb1 hxg4 40. hxg4 Rxh1 41. Rxh1 Rd7 42. Kf3 Ke7 43. Ke4 Ke6 44. Rh8 Bb4 45. Rh6 Bd6 46. Nd2 Bf8 47. Rh8 Bd6 48. Nf1 Rf7 49. Ng3 Rf8 50. Rxf8 Bxf8 1/2-1/2

[Event "Bangkok op 14th"]
[Site "Bangkok"]
[Date "2014.04.13"]
[Round "2"]
[White "Nouri, Hamed"]
[Black "Bitoon, Jimson"]
[Result "1-0"]
[WhiteElo "2355"]
[BlackElo "2182"]
[PlyCount "111"]
[EventDate "2014.04.12"]
[EventType "swiss"]
[EventRounds "9"]
[EventCountry "THA"]
[SourceTitle "CBM 159 Extra"]
[Source "ChessBase"]
[SourceDate "2014.04.24"]
[SourceVersion "1"]
[SourceVersionDate "2014.04.24"]
[SourceQuality "1"]

1. e4 c5 2. Nf3 Nc6 3. Nc3 g6 4. d4 cxd4 5. Nxd4 Bg7 6. Be3 Nf6 7. Bc4 Qa5 8. 0-0 0-0 9. Bb3 d6 10. h3 Qh5 11. Nf3 Bd7 12. Re1 Rac8 13. Nd5 Rfe8 14. Nf4 Qa5 15. Bd2 Qc7 16. Bc3 e5 17. Nd5 Nxd5 18. Bxd5 Be6 19. Re3 Nd4 20. Nxd4 exd4 21. Bxd4 Bxd5 22. Bxg7 Kxg7 23. Qxd5 Re5 24. Qb3 Qxc2 25. Qxb7 d5 26. exd5 Rc7 27. Qb4 Rxd5 28. Re8 Qc5 29. Qe1 Qd4 30. Rc1 Rcd7 31. Re2 Qf4 32. Qc3+ Kh6 33. Rce1 Rd2 34. g3 Qd4 35. Qc1 Kg7 36. Rxd2 Qxd2 37. Qa1 Rc7 38. b4+ f6 39. a3 Kf7 40. Rd1 Qe2 41. Qd4 Qe6 42. h4 Re7 43. Kg2 Kg7 44. b5 Qb3 45. a4 Qc2 46. Rd3 h5 47. Rf3 Rf7 48. Re3 Qf5 49. Qd8 Qg4 50. Re8 f5 51. Qd4+ Kh7 52. Qe5 Rg7 53. Re7 Rxe7 54. Qxe7+ Kg8 55. Qxa7 Qe4+ 56. Kh2 1-0

[Event "Kuala Lumpur op 10th"]
[Site "Kuala Lumpur"]
[Date "2013.08.14"]
[Round "6"]
[White "Bitoon, Jimson"]
[Black "Andria, LD Souza"]
[Result "1-0"]
[WhiteElo "2177"]
[BlackElo "1753"]
[PlyCount "83"]
[EventDate "2013.08.10"]
[EventType "swiss"]
[EventRounds "9"]
[EventCountry "MAS"]
[SourceTitle "CBM 156 Extra"]
[Source "ChessBase"]
[SourceDate "2013.10.22"]
[SourceVersion "1"]
[SourceVersionDate "2013.10.22"]
[SourceQuality "1"]

1. e4 c6 2. d4 d5 3. exd5 cxd5 4. Bd3 Nc6 5. c3 Nf6 6. Bf4 e6 7. Nf3 Bd6 8. Bg3 0-0 9. 0-0 Ne4 10. Ne5 Qc7 11. Nxc6 bxc6 12. Bxe4 dxe4 13. Bxd6 Qxd6 14. Qe2 f5 15. Nd2 c5 16. dxc5 Qxc5 17. Nb3 Qe7 18. f3 Bb7 19. fxe4 Bxe4 20. Nd2 Bb7 21. Rfe1 Rf6 22. Nf3 Rh6 23. Rad1 g5 24. Ne5 Be4 25. Qe3 Qg7 26. Qc5 g4 27. Rd7 Qf6 28. Rxe4 fxe4 29. Nxg4 Qh4 30. Nxh6+ Qxh6 31. Rd1 Rf8 32. Qd4 e3 33. Rd3 Rf4 34. Qxe3 Kf7 35. Qxa7+ Kg8 36. Qe3 Kf7 37. g3 Rf6 38. Qxh6 Rxh6 39. a4 Rh5 40. b4 Ke7 41. Rd1 Re5 42. Kf2 1-0

[Event "Kuala Lumpur op 10th"]
[Site "Kuala Lumpur"]
[Date "2013.08.12"]
[Round "5"]
[White "Nouri, Hamed"]
[Black "Bitoon, Jimson"]
[Result "1-0"]
[WhiteElo "2374"]
[BlackElo "2177"]
[PlyCount "57"]
[EventDate "2013.08.10"]
[EventType "swiss"]
[EventRounds "9"]
[EventCountry "MAS"]
[SourceTitle "CBM 156 Extra"]
[Source "ChessBase"]
[SourceDate "2013.10.22"]
[SourceVersion "1"]
[SourceVersionDate "2013.10.22"]
[SourceQuality "1"]

1. g3 g6 2. Bg2 Bg7 3. Nc3 c5 4. e4 Nc6 5. d3 Rb8 6. f4 b5 7. Nf3 b4 8. Ne2 Bb7 9. 0-0 d5 10. Be3 d4 11. Bd2 Nf6 12. h3 0-0 13. b3 e5 14. Qe1 Nd7 15. f5 f6 16. fxg6 hxg6 17. g4 Qe8 18. Ng3 Nd8 19. h4 Ne6 20. h5 Nf4 21. Nh4 g5 22. Nhf5 Kh7 23. a3 a5 24. axb4 axb4 25. Ra7 Qc8 26. Nd6 Qc6 27. Ngf5 Nb6 28. Bxf4 exf4 29. h6 1-0

[Event "Kuala Lumpur op 10th"]
[Site "Kuala Lumpur"]
[Date "2013.08.11"]
[Round "3"]
[White "Nitin, Senthilvel"]
[Black "Bitoon, Jimson"]
[Result "1-0"]
[WhiteElo "2355"]
[BlackElo "2177"]
[PlyCount "87"]
[EventDate "2013.08.10"]
[EventType "swiss"]
[EventRounds "9"]
[EventCountry "MAS"]
[SourceTitle "CBM 156 Extra"]
[Source "ChessBase"]
[SourceDate "2013.10.22"]
[SourceVersion "1"]
[SourceVersionDate "2013.10.22"]
[SourceQuality "1"]

1. e4 c5 2. Nf3 Nc6 3. d4 cxd4 4. Nxd4 g6 5. c4 Bg7 6. Be3 Nf6 7. Nc3 0-0 8. Be2 d6 9. 0-0 Bd7 10. Qd2 Nxd4 11. Bxd4 Bc6 12. f3 Nd7 13. Kh1 a5 14. Rac1 a4 15. Bxg7 Kxg7 16. f4 Qa5 17. Bg4 Nf6 18. Bf3 Rac8 19. Qe3 Qb4 20. Qe2 Kg8 21. e5 dxe5 22. fxe5 Ne8 23. Bxc6 bxc6 24. a3 Qb3 25. Rf3 Ng7 26. Rcf1 Ne6 27. Ne4 Qb8 28. Re3 Nd4 29. Qd2 Rcd8 30. Qc3 Qxe5 31. Nf6+ exf6 32. Rxe5 fxe5 33. Qa5 Rfe8 34. Qc7 f5 35. g4 e4 36. gxf5 Nxf5 37. Qxc6 e3 38. Re1 e2 39. Qxa4 Nd4 40. c5 Kg7 41. c6 Nf3 42. c7 Rc8 43. Qd7+ Kf8 44. Rxe2 1-0

[Event "Thailand op 13th"]
[Site "Pattaya"]
[Date "2013.04.18"]
[Round "6"]
[White "Bitoon, Jimson"]
[Black "Wang, Chen"]
[Result "0-1"]
[WhiteElo "2290"]
[BlackElo "2485"]
[PlyCount "54"]
[EventDate "2013.04.14"]
[EventType "swiss"]
[EventRounds "9"]
[EventCountry "THA"]
[SourceTitle "CBM 154 Extra"]
[Source "ChessBase"]
[SourceDate "2013.06.25"]
[SourceVersion "2"]
[SourceVersionDate "2013.06.25"]
[SourceQuality "1"]

1. e4 c5 2. Nf3 e6 3. d4 cxd4 4. Nxd4 a6 5. Nc3 Qc7 6. Bd3 Nc6 7. Nf3 Nf6 8. 0-0 Be7 9. Re1 d6 10. h3 0-0 11. Bf4 Ne5 12. Rc1 Nfd7 13. Qe2 b6 14. Nd1 Bb7 15. c4 Nxd3 16. Qxd3 Nc5 17. Qc2 f5 18. e5 Be4 19. Qd2 Rad8 20. b4 Nd3 21. Nb2 Nxc1 22. Qxc1 Bxf3 23. gxf3 Qc6 24. Qc3 d5 25. a3 dxc4 26. Qxc4 Qxc4 27. Nxc4 Rd4 0-1

[Event "Ho Chi Minh City HD Bank op 3rd"]
[Site "Ho Chi Minh City"]
[Date "2013.03.23"]
[Round "7"]
[White "Bitoon, Jimson"]
[Black "Liu, Hongyan"]
[Result "1-0"]
[WhiteElo "2229"]
[BlackElo "2020"]
[PlyCount "99"]
[EventDate "2013.03.19"]
[EventType "swiss"]
[EventRounds "9"]
[EventCountry "VIE"]
[SourceTitle "CBM 153 Extra"]
[Source "ChessBase"]
[SourceDate "2013.04.22"]
[SourceVersion "1"]
[SourceVersionDate "2013.04.22"]
[SourceQuality "1"]

1. e4 d5 2. exd5 Qxd5 3. Nc3 Qd6 4. d4 Nf6 5. g3 c6 6. Nf3 Bg4 7. Bg2 e6 8. 0-0 Be7 9. Bf4 Qd8 10. h3 Bxf3 11. Bxf3 0-0 12. Ne4 Nd5 13. Bd2 Nd7 14. c4 N5f6 15. Bc3 Qc7 16. a4 a5 17. Rc1 Nxe4 18. Bxe4 f5 19. Bf3 e5 20. dxe5 Nxe5 21. Bxe5 Qxe5 22. Re1 Qc7 23. Qe2 Bc5 24. Qe6+ Kh8 25. Kg2 Qb6 26. Re2 Rad8 27. h4 Qb3 28. h5 h6 29. Qe5 Bd4 30. Qxa5 Bf6 31. Rce1 Qxc4 32. b3 Qxb3 33. Qxf5 Bc3 34. Rb1 Qc4 35. Qe4 Qf7 36. Bg4 Rde8 37. Be6 Qxh5 38. Rxb7 c5 39. f4 Rd8 40. Qf3 Qxf3+ 41. Kxf3 Rd1 42. Bd7 Bf6 43. Bb5 Rf1+ 44. Kg4 g6 45. Rd2 h5+ 46. Kh3 Bd4 47. Bxf1 Re8 48. Re2 Rc8 49. Ree7 c4 50. Bxc4 1-0

[Event "Ho Chi Minh City HD Bank op 3rd"]
[Site "Ho Chi Minh City"]
[Date "2013.03.23"]
[Round "8"]
[White "Bui, Trong Hao"]
[Black "Bitoon, Jimson"]
[Result "1-0"]
[WhiteElo "2108"]
[BlackElo "2229"]
[PlyCount "63"]
[EventDate "2013.03.19"]
[EventType "swiss"]
[EventRounds "9"]
[EventCountry "VIE"]
[SourceTitle "CBM 153 Extra"]
[Source "ChessBase"]
[SourceDate "2013.04.22"]
[SourceVersion "1"]
[SourceVersionDate "2013.04.22"]
[SourceQuality "1"]

1. d4 Nf6 2. Nf3 e6 3. c4 Bb4+ 4. Bd2 Bxd2+ 5. Qxd2 d5 6. Nc3 0-0 7. e3 b6 8. cxd5 exd5 9. Bd3 Bb7 10. 0-0 Nbd7 11. Rac1 Ne4 12. Qc2 Qe7 13. Nd2 f5 14. Ncxe4 fxe4 15. Qxc7 Rab8 16. Bb5 Rfd8 17. Qg3 Nf6 18. Rc7 Qf8 19. Rfc1 a6 20. Bc6 Bxc6 21. R7xc6 Rb7 22. Qh3 Qe7 23. Nf1 Ne8 24. Ng3 g6 25. Ne2 Nd6 26. Nf4 Nf5 27. Ne6 Rd6 28. Rc8+ Kf7 29. R8c7 Rd7 30. Qxh7+ Kxe6 31. Qxg6+ Qf6 32. R1c6+ 1-0

[Event "Ho Chi Minh City HD Bank op 3rd"]
[Site "Ho Chi Minh City"]
[Date "2013.03.21"]
[Round "5"]
[White "Bitoon, Jimson"]
[Black "Xu, Xiangyu"]
[Result "0-1"]
[WhiteElo "2229"]
[BlackElo "2034"]
[PlyCount "139"]
[EventDate "2013.03.19"]
[EventType "swiss"]
[EventRounds "9"]
[EventCountry "VIE"]
[SourceTitle "CBM 153 Extra"]
[Source "ChessBase"]
[SourceDate "2013.04.22"]
[SourceVersion "1"]
[SourceVersionDate "2013.04.22"]
[SourceQuality "1"]

1. e4 c5 2. Nc3 Nc6 3. d3 g6 4. g4 Bg7 5. Nge2 d5 6. Ng3 d4 7. Nb1 e5 8. Bg2 Be6 9. h3 c4 10. 0-0 Nge7 11. Na3 cxd3 12. cxd3 0-0 13. f4 exf4 14. Bxf4 Be5 15. Qd2 f6 16. b3 Qd6 17. Nb5 Qd8 18. Ne2 a6 19. Na3 Qd6 20. Nc2 Rac8 21. Rf2 Rf7 22. Raf1 Rcf8 23. Bh6 Rc8 24. Nf4 Nd8 25. Ne1 Kh8 26. Ne2 g5 27. h4 gxh4 28. Bh3 Qd7 29. Rg2 Ndc6 30. Nf4 Rg8 31. Nxe6 Qxe6 32. Nf3 Ng6 33. Qf2 Bg3 34. Qb2 Qd6 35. Kh1 Nge5 36. Qe2 Rg6 37. Bd2 Qf8 38. Be1 Qh6 39. Bd2 Qg7 40. Nh2 Rf8 41. Rf5 Rg8 42. Be1 Bxe1 43. Qxe1 Nxd3 44. Qxh4 Nde5 45. Rc2 Nb4 46. Rcf2 d3 47. Qg3 Qh6 48. Rxf6 Nbc6 49. R6f5 Qc1+ 50. Nf1 Nxg4 51. Bxg4 Rxg4 52. Qh2 Qe1 53. R2f4 Rg1+ 54. Qxg1 Rxg1+ 55. Kxg1 Nd4 56. Rf8+ Kg7 57. R8f7+ Kg6 58. Rf2 d2 59. R7f6+ Kg5 60. Rxd2 Kxf6 61. Rxd4 h5 62. Rd6+ Kg5 63. Rd5+ Kg4 64. Rc5 h4 65. Rc7 Qa1 66. Rc2 Qd4+ 67. Kh2 h3 68. Re2 Kf3 69. Rc2 Qd1 70. Rc8 0-1